[Event "European Women-ch 2023"]
[Site "Petrovac"]
[Date "2023.03.25"]
[Round "7.14"]
[White "Allahverdiyeva, Ayan"]
[Black "Bluebaum, Johanna"]
[Result "1-0"]
[WhiteElo "2124"]
[BlackElo "1954"]
[Annotator "TA"]
[PlyCount "101"]
[EventDate "2023.03.15"]
[EventType "swiss"]
[EventCountry "MNE"]
[SourceTitle "playchess.com"]
[Source "ChessBase"]
[SourceQuality "1"]

1. e4 e6 2. d4 d5 3. Nd2 c5 4. exd5 Qxd5 5. Ngf3 cxd4 6. Bc4 Qd7 7. O-O Nc6 8. Nb3 a6 9. Nbxd4 Nxd4 10. Nxd4 Qc7 11. Bd3 Bd6 12. Re1 Nf6 13. h3 O-O 14. Bg5 Nd5 15. Qh5 g6 16. Qh4 Bh2+ 17. Kh1 Bf4 18. Re4 e5 19. Nf3 f6 20. Rxf4 exf4 21. Bh6 Rf7 22. c4 Nb4 23. Bf1 Bf5 24. Bxf4 Qd7 25. c5 Nd3 26. Bd6 Re8 27. Qd4 Ne5 28. Nxe5 fxe5 29. Bxe5 Qxd4 30. Bxd4 Re4 31. Be3 Rd7 32. Rc1 Be6 33. b3 Bd5 34. Rc3 Rh4 35. Kg1 Kf7 36. g4 Kf6 37. f4 Ke6 38. f5+ gxf5 39. Bg5 Rg7 40. Bxh4 fxg4 41. hxg4 Rxg4+ 42. Bg3 Kf6 43. Kf2 a5 44. Rd3 Bc6 45. Rd6+ Ke7 46. Rh6 Rg7 47. Bd6+ Kd7 48. Bh3+ Kd8 49. Rf6 Be8 50. Bg2 h5 51. Rf8 1-0

[Event "European Women-ch 2023"]
[Site "Petrovac"]
[Date "2023.03.25"]
[Round "7.14"]
[White "Koridze, Lile"]
[Black "Lazarne Vajda, Szidonia"]
[Result "1-0"]
[WhiteElo "2122"]
[BlackElo "2294"]
[Annotator "TA"]
[PlyCount "119"]
[EventDate "2023.03.15"]
[EventType "swiss"]
[EventCountry "MNE"]
[SourceTitle "playchess.com"]
[Source "ChessBase"]
[SourceQuality "1"]

1. d4 d5 2. c4 c6 3. Nf3 Nf6 4. e3 Bf5 5. Nc3 e6 6. Qb3 Qb6 7. c5 Qc7 8. Nh4 Bg6 9. Nxg6 hxg6 10. f4 b6 11. cxb6 axb6 12. Be2 Be7 13. Bd2 Nfd7 14. O-O f5 15. g3 Nf6 16. Rac1 Nbd7 17. a3 Kf7 18. Bf3 Rh7 19. Kg2 Rah8 20. h4 Qb7 21. Ne2 Ne4 22. Rc2 Qa8 23. Bxe4 fxe4 24. Be1 Qa6 25. Ng1 Rc8 26. Nh3 Rhh8 27. Rcf2 Rcf8 28. Ng5+ Bxg5 29. fxg5+ Ke8 30. Bb4 Rf5 31. Qc3 Qb7 32. Bd6 Kf7 33. Qd2 Kg8 34. g4 Rf3 35. Rxf3 exf3+ 36. Kg3 e5 37. dxe5 Nc5 38. Bxc5 bxc5 39. Rxf3 Qe7 40. Qc3 Kh7 41. Rf2 Re8 42. Rf4 c4 43. Kf3 c5 44. h5 Qxg5 45. hxg6+ Qxg6 46. Rf5 Kg8 47. Qc2 Qh7 48. Kg2 Qh4 49. Qd1 Qd8 50. Qa4 Re6 51. Qa7 Rh6 52. Qf7+ Kh7 53. Rh5 Rxh5 54. Qxh5+ Kg8 55. e6 Qf6 56. Qe8+ Kh7 57. e7 Qxb2+ 58. Kh3 Qe5 59. Qh5+ Qxh5+ 60. gxh5 1-0

[Event "European Women-ch 2023"]
[Site "Petrovac"]
[Date "2023.03.25"]
[Round "7.15"]
[White "Zaksaite, Salomeja"]
[Black "Krasteva, Beloslava"]
[Result "1-0"]
[WhiteElo "2187"]
[BlackElo "2292"]
[Annotator "TA"]
[PlyCount "77"]
[EventDate "2023.03.15"]
[EventType "swiss"]
[EventCountry "MNE"]
[SourceTitle "playchess.com"]
[Source "ChessBase"]
[SourceQuality "1"]

1. e4 c5 2. Nf3 d6 3. d4 cxd4 4. Nxd4 Nf6 5. Nc3 a6 6. Bc4 e6 7. O-O b5 8. Bb3 Be7 9. Qf3 Qc7 10. Qg3 O-O 11. Bh6 Ne8 12. Rad1 Bd7 13. Nf3 Nc6 14. Bf4 Qb7 15. e5 dxe5 16. Nxe5 Nxe5 17. Bxe5 Bf6 18. f4 a5 19. a3 Bc6 20. Ne2 a4 21. Ba2 b4 22. Rf2 Ra5 23. axb4 Qxb4 24. Bc3 Bxc3 25. Qxc3 Qb6 26. Qd4 Qb7 27. Qc3 Ra6 28. Rd8 Qc7 29. Rd1 Nf6 30. Ng3 Ng4 31. Nh5 e5 32. Qg3 Bd7 33. f5 Rg6 34. fxg6 hxg6 35. h3 Nxf2 36. Qxg6 Nxh3+ 37. Kf1 Bb5+ 38. Ke1 Qa5+ 39. c3 1-0

[Event "European Women-ch 2023"]
[Site "Petrovac"]
[Date "2023.03.25"]
[Round "7.15"]
[White "Petrova, Irina"]
[Black "Zhezhovska, Monika"]
[Result "1-0"]
[WhiteElo "2123"]
[BlackElo "1761"]
[Annotator "TA"]
[PlyCount "31"]
[EventDate "2023.03.15"]
[EventType "swiss"]
[EventCountry "MNE"]
[SourceTitle "playchess.com"]
[Source "ChessBase"]
[SourceQuality "1"]

1. e4 c5 2. d4 cxd4 3. c3 dxc3 4. Nxc3 e6 5. Nf3 Nc6 6. Bc4 Bc5 7. O-O a6 8. Bf4 b5 9. Bb3 d6 10. Qe2 Nf6 11. Rfd1 Qc7 12. e5 Nh5 13. Be3 Bxe3 14. Qxe3 Nxe5 15. Nxe5 dxe5 16. Qf3 1-0

[Event "European Women-ch 2023"]
[Site "Petrovac"]
[Date "2023.03.25"]
[Round "7.16"]
[White "Gaboyan, Susanna"]
[Black "Stefanova, Antoaneta"]
[Result "1-0"]
[WhiteElo "2160"]
[BlackElo "2435"]
[Annotator "TA"]
[PlyCount "87"]
[EventDate "2023.03.15"]
[EventType "swiss"]
[EventCountry "MNE"]
[SourceTitle "playchess.com"]
[Source "ChessBase"]
[SourceQuality "1"]

1. e4 c6 2. Nf3 d5 3. Nc3 Bg4 4. Be2 Nf6 5. Ne5 Bxe2 6. Qxe2 dxe4 7. Nxe4 Qd5 8. Nxf6+ gxf6 9. Nf3 Rg8 10. O-O e6 11. d4 Bd6 12. Re1 Nd7 13. c4 Qh5 14. Be3 O-O-O 15. d5 c5 16. b4 e5 17. g3 Rg4 18. bxc5 Bxc5 19. Rab1 Rdg8 20. Qb2 b6 21. Qb5 Rxg3+ 22. hxg3 Qxf3 23. Qc6+ Kb8 24. Qxd7 Rxg3+ 25. fxg3 Qxg3+ 26. Kh1 Bxe3 27. Rxe3 Qxe3 28. Qf5 Qh6+ 29. Kg1 Qe3+ 30. Qf2 Qd3 31. Rb3 Qxc4 32. Qxf6 Qxd5 33. Re3 Qxa2 34. Qxe5+ Kb7 35. Qe7+ Kc6 36. Qe8+ Kc5 37. Qc8+ Kd4 38. Qc3+ Kd5 39. Rd3+ Ke6 40. Qe1+ Kf6 41. Rf3+ Kg7 42. Qe5+ Kf8 43. Qd6+ Kg7 44. Rg3+ 1-0

[Event "European Women-ch 2023"]
[Site "Petrovac"]
[Date "2023.03.25"]
[Round "7.16"]
[White "Paasikangas, Johanna"]
[Black "Shuqja, Klean"]
[Result "1/2-1/2"]
[WhiteElo "2115"]
[BlackElo "1884"]
[Annotator "TA"]
[PlyCount "151"]
[EventDate "2023.03.15"]
[EventType "swiss"]
[EventCountry "MNE"]
[SourceTitle "playchess.com"]
[Source "ChessBase"]
[SourceQuality "1"]

1. d4 Nf6 2. c4 e6 3. Nc3 Bb4 4. a3 Bxc3+ 5. bxc3 O-O 6. Nf3 d6 7. Qc2 Qe7 8. e4 e5 9. d5 Nbd7 10. Bg5 Nc5 11. Nd2 h6 12. Be3 Ncd7 13. Be2 Re8 14. h4 Nf8 15. Qd1 Ng6 16. g3 Bd7 17. h5 Nf8 18. f3 c6 19. Bd3 Rec8 20. Qb3 b6 21. Ke2 N8h7 22. a4 Rab8 23. a5 bxa5 24. Qa3 c5 25. Qxa5 Rb7 26. Bc2 Rcb8 27. Kd3 Ng5 28. Ba4 Bxa4 29. Qxa4 Nd7 30. g4 Nb6 31. Qc2 Nc8 32. Ra2 f6 33. Ke2 Rb6 34. Kf2 Qb7 35. Qa4 Kf8 36. Kg3 Qe7 37. Rha1 R8b7 38. Qc2 Nf7 39. Nf1 Qc7 40. Bc1 Qb8 41. Ne3 Qc7 42. Nf5 Qb8 43. Ra6 Rxa6 44. Rxa6 Rb6 45. Ra2 Qb7 46. Qa4 Qc7 47. Nh4 Ng5 48. Qc2 Qb7 49. Ng2 Ra6 50. Ne1 Rxa2 51. Qxa2 Nb6 52. Nc2 Qd7 53. Kf2 Qa4 54. Qxa4 Nxa4 55. Na3 a6 56. Bd2 Nb6 57. Bxg5 hxg5 58. Ke2 Kf7 59. Nc2 Na4 60. Kd2 g6 61. Ne3 Nb6 62. Kd3 Kg7 63. hxg6 Kxg6 64. Nf5 Nc8 65. Kc2 Kf7 66. Kb3 Ke8 67. Ka4 Nb6+ 68. Kb3 Kd7 69. Ne3 Ke7 70. Kc2 Kd7 71. Kd3 Na4 72. Kc2 Nb6 73. Kb3 Kc7 74. Nf1 Kd7 75. Nd2 Kc7 76. Nf1 1/2-1/2

[Event "European Women-ch 2023"]
[Site "Petrovac"]
[Date "2023.03.25"]
[Round "7.17"]
[White "Hrescak, Ivana"]
[Black "Zawadzka, Jolanta"]
[Result "1/2-1/2"]
[WhiteElo "2127"]
[BlackElo "2391"]
[Annotator "TA"]
[PlyCount "103"]
[EventDate "2023.03.15"]
[EventType "swiss"]
[EventCountry "MNE"]
[SourceTitle "playchess.com"]
[Source "ChessBase"]
[SourceQuality "1"]

1. d4 Nf6 2. c4 e6 3. Nf3 d5 4. g3 Bb4+ 5. Bd2 Be7 6. Qc2 O-O 7. Bg2 a5 8. O-O c6 9. Bg5 Nbd7 10. Nbd2 h6 11. Bxf6 Bxf6 12. e4 b6 13. Rfe1 Bb7 14. Rac1 Rc8 15. Qb3 Rc7 16. a3 Qb8 17. cxd5 cxd5 18. e5 Be7 19. Rxc7 Qxc7 20. Bf1 Rc8 21. Bd3 Nb8 22. Nb1 Bc6 23. Nc3 Qb7 24. Nb5 Bd7 25. h4 Rc4 26. Nc3 a4 27. Qd1 Rc8 28. Bb1 b5 29. h5 Be8 30. Qd3 g6 31. Kg2 b4 32. axb4 Qxb4 33. Rh1 Qxb2 34. hxg6 fxg6 35. Nxa4 Qa3 36. Qd2 h5 37. Nc5 Bxc5 38. dxc5 Nd7 39. Qg5 Nf8 40. Rxh5 Qxc5 41. Rh4 Rc7 42. Qf6 Rg7 43. Ng5 Qe7 44. Qf4 Nh7 45. Nxh7 Rxh7 46. Rg4 Kg7 47. Qf3 Rh5 48. Qf4 Qd8 49. Bd3 Qe7 50. Bb1 Qd8 51. Bd3 Qe7 52. Bb1 1/2-1/2

[Event "European Women-ch 2023"]
[Site "Petrovac"]
[Date "2023.03.25"]
[Round "7.17"]
[White "Makropoulou, Marina"]
[Black "Huseynova, Lala"]
[Result "1-0"]
[WhiteElo "2102"]
[BlackElo "1694"]
[Annotator "TA"]
[PlyCount "55"]
[EventDate "2023.03.15"]
[EventType "swiss"]
[EventCountry "MNE"]
[SourceTitle "playchess.com"]
[Source "ChessBase"]
[SourceQuality "1"]

1. e4 c5 2. Nf3 d6 3. d4 cxd4 4. Nxd4 Nf6 5. Nc3 a6 6. a4 e5 7. Nf3 Be6 8. Ng5 Qc7 9. Nxe6 fxe6 10. Qd3 Nc6 11. Qh3 Nd4 12. Bd3 Be7 13. Be3 Qb6 14. O-O Nd7 15. Ne2 Nf8 16. Kh1 Bf6 17. c3 Qb3 18. Ra3 Qxb2 19. Bc1 Qb6 20. cxd4 exd4 21. Nf4 Rc8 22. Nxe6 Rc3 23. Nf4 Qc5 24. Rxc3 dxc3 25. Be3 Qc6 26. Nd5 Qxa4 27. Qc8+ Kf7 28. Qxb7+ 1-0

[Event "European Women-ch 2023"]
[Site "Petrovac"]
[Date "2023.03.25"]
[Round "7.18"]
[White "Balajayeva, Khanim"]
[Black "Froewis, Annika"]
[Result "0-1"]
[WhiteElo "2372"]
[BlackElo "2123"]
[Annotator "TA"]
[PlyCount "74"]
[EventDate "2023.03.15"]
[EventType "swiss"]
[EventCountry "MNE"]
[SourceTitle "playchess.com"]
[Source "ChessBase"]
[SourceQuality "1"]

1. c4 e6 2. Nc3 Nf6 3. e4 d5 4. e5 d4 5. exf6 dxc3 6. bxc3 Qxf6 7. d4 e5 8. Nf3 exd4 9. Bg5 Qe6+ 10. Be2 Qg6 11. O-O Bd6 12. cxd4 h6 13. Bd3 Bxh2+ 14. Kh1 Qh5 15. Re1+ Be5+ 16. Bh4 Nc6 17. Kg1 Bg4 18. Be4 O-O 19. dxe5 Bxf3 20. Qxf3 Qxh4 21. Bxc6 bxc6 22. Qxc6 Qe7 23. Rad1 Qa3 24. Rd7 Qxa2 25. Rxc7 Rae8 26. Qd5 a5 27. f4 a4 28. f5 a3 29. f6 Qb2 30. Rb7 Qc3 31. Re2 a2 32. Rxa2 Rxe5 33. Qd2 Qxc4 34. fxg7 Qc5+ 35. Qf2 Re1+ 36. Kh2 Qe5+ 37. g3 Qh5+ 0-1

[Event "European Women-ch 2023"]
[Site "Petrovac"]
[Date "2023.03.25"]
[Round "7.18"]
[White "Bakalarz, Grazyna"]
[Black "Maione, Melissa"]
[Result "1/2-1/2"]
[WhiteElo "1847"]
[BlackElo "2028"]
[Annotator "TA"]
[PlyCount "136"]
[EventDate "2023.03.15"]
[EventType "swiss"]
[EventCountry "MNE"]
[SourceTitle "playchess.com"]
[Source "ChessBase"]
[SourceQuality "1"]

1. e4 c5 2. c3 d5 3. exd5 Qxd5 4. d4 Nc6 5. Nf3 Bf5 6. Be3 cxd4 7. Nxd4 Nf6 8. Nxf5 Qxf5 9. Bd3 Qd5 10. O-O O-O-O 11. Be2 Qxd1 12. Rxd1 Rxd1+ 13. Bxd1 Nd5 14. Bd2 e6 15. c4 Ndb4 16. Nc3 Nd3 17. Na4 Nce5 18. b3 Be7 19. Be2 Rd8 20. Be3 Nc6 21. Rd1 Ndb4 22. a3 Nc2 23. Rxd8+ Kxd8 24. b4 Nxa3 25. b5 Na5 26. c5 Nc2 27. Bf4 Nd4 28. Bd3 Nab3 29. b6 axb6 30. cxb6 Kc8 31. Be5 g6 32. Bc4 f6 33. Bf4 Nc5 34. Nc3 Bd8 35. Be3 Ndb3 36. Ne4 Na5 37. Nd6+ Kd7 38. Bxc5 Kc6 39. Ba3 Nxc4 40. Nxc4 Bxb6 41. Be7 Bd4 42. Kf1 b5 43. Ne3 Bc3 44. Ke2 Kd7 45. Bf8 Kc6 46. Kd3 Be1 47. f3 Ba5 48. Be7 f5 49. Nc2 e5 50. Ne3 Bb6 51. Nc2 Ba5 52. Bb4 Bb6 53. g4 Kd5 54. Bd2 e4+ 55. fxe4+ fxe4+ 56. Ke2 Kc4 57. Na3+ Kc5 58. Be3+ Kc6 59. Bxb6 Kxb6 60. Ke3 b4 61. Nc4+ Kc5 62. Nd2 Kd5 63. Nxe4 b3 64. Nd2 b2 65. h4 h6 66. h5 gxh5 67. gxh5 Ke5 68. Nc4+ Kd5 1/2-1/2

[Event "European Women-ch 2023"]
[Site "Petrovac"]
[Date "2023.03.25"]
[Round "7.19"]
[White "Cyfka, Karina"]
[Black "Dwilewicz, Katarzyna"]
[Result "1-0"]
[WhiteElo "2350"]
[BlackElo "2114"]
[Annotator "TA"]
[PlyCount "83"]
[EventDate "2023.03.15"]
[EventType "swiss"]
[EventCountry "MNE"]
[SourceTitle "playchess.com"]
[Source "ChessBase"]
[SourceQuality "1"]

1. d4 Nf6 2. Nf3 e6 3. Bg5 c5 4. d5 exd5 5. e3 d6 6. Nc3 Be6 7. Bb5+ Nc6 8. Bxf6 Qxf6 9. Nxd5 Bxd5 10. Qxd5 Rc8 11. c3 Be7 12. O-O O-O 13. Rad1 Rfd8 14. Nd2 a6 15. Be2 Qe6 16. Bc4 Qxd5 17. Bxd5 Kf8 18. Ne4 Rc7 19. f4 Nb8 20. g4 Nd7 21. g5 Ke8 22. Rf3 Nf8 23. Ng3 g6 24. Ne4 Ne6 25. Rh3 Nf8 26. Rf1 Rdd7 27. f5 Bd8 28. fxg6 fxg6 29. Bf7+ Rxf7 30. Nxd6+ Kd7 31. Nxf7 Be7 32. Ne5+ Ke6 33. Ng4 Rd7 34. Rhf3 Rd8 35. Rf4 Rd5 36. h4 Nd7 37. Re4+ Kd6 38. Nf6 Bxf6 39. gxf6 Re5 40. Rd1+ Ke6 41. Rxd7 Rxe4 42. Re7+ 1-0

[Event "European Women-ch 2023"]
[Site "Petrovac"]
[Date "2023.03.25"]
[Round "7.19"]
[White "Mashchenko, Tamila"]
[Black "Karaivanova, Petya"]
[Result "0-1"]
[WhiteElo "1956"]
[BlackElo "1875"]
[Annotator "TA"]
[PlyCount "60"]
[EventDate "2023.03.15"]
[EventType "swiss"]
[EventCountry "MNE"]
[SourceTitle "playchess.com"]
[Source "ChessBase"]
[SourceQuality "1"]

1. d4 d5 2. c4 e6 3. Nc3 Nf6 4. cxd5 exd5 5. Bg5 Be7 6. e3 c6 7. Bd3 h6 8. Bf4 O-O 9. h3 Re8 10. Nf3 Bd6 11. Bxd6 Qxd6 12. Qc2 Nbd7 13. O-O-O b5 14. g4 b4 15. Na4 Ne4 16. Kb1 Qf6 17. Bxe4 dxe4 18. Nd2 Qxf2 19. Qxc6 Rb8 20. Rhf1 Qxe3 21. Nc4 Qg5 22. Nd6 Qg6 23. d5 e3+ 24. Ka1 Bb7 25. Qxd7 Red8 26. Qxf7+ Qxf7 27. Rxf7 e2 28. Re1 Rxd6 29. Re7 Ba6 30. Nc5 Rxd5 0-1

[Event "European Women-ch 2023"]
[Site "Petrovac"]
[Date "2023.03.25"]
[Round "7.20"]
[White "Heinemann, Josefine"]
[Black "Pogorelskikh, Sofia"]
[Result "1-0"]
[WhiteElo "2343"]
[BlackElo "2102"]
[Annotator "TA"]
[PlyCount "105"]
[EventDate "2023.03.15"]
[EventType "swiss"]
[EventCountry "MNE"]
[SourceTitle "playchess.com"]
[Source "ChessBase"]
[SourceQuality "1"]

1. e4 c5 2. c3 Nf6 3. e5 Nd5 4. Nf3 Nc6 5. Bc4 Nb6 6. Bb3 d5 7. exd6 Qxd6 8. O-O g6 9. d4 cxd4 10. Ng5 Nd8 11. cxd4 Bg7 12. d5 Bf5 13. Nc3 Qd7 14. a4 a5 15. h3 h6 16. Nf3 g5 17. Re1 Nc8 18. Ne5 Bxe5 19. Rxe5 Nd6 20. Qe2 f6 21. Re3 Kf8 22. Bd2 N8f7 23. Nb5 Nxb5 24. axb5 Nd6 25. Ba4 Rh7 26. Bc3 Rc8 27. Qh5 Qe8 28. Qf3 Qg6 29. Bb3 h5 30. Qe2 h4 31. Re1 Re8 32. f3 Rg7 33. Bxa5 Bd7 34. b6 Bb5 35. Qd2 Rc8 36. Bb4 Rd8 37. Rc3 Qe8 38. Rc7 Rd7 39. Bxd6 Rxd6 40. Rxb7 e5 41. Rxg7 Kxg7 42. Qa5 Bd3 43. Qc5 Rd8 44. b7 Rb8 45. Qc7+ Kh6 46. d6 Bf5 47. Bf7 Qf8 48. Ra1 e4 49. Bd5 exf3 50. Ra8 Qe8 51. Qe7 Qb5 52. Qxf6+ Bg6 53. Rxb8 1-0

[Event "European Women-ch 2023"]
[Site "Petrovac"]
[Date "2023.03.25"]
[Round "7.20"]
[White "Gamal, Alaa"]
[Black "Manova, Ivana"]
[Result "0-1"]
[WhiteElo "1748"]
[BlackElo "1923"]
[Annotator "TA"]
[PlyCount "84"]
[EventDate "2023.03.15"]
[EventType "swiss"]
[EventCountry "MNE"]
[SourceTitle "playchess.com"]
[Source "ChessBase"]
[SourceQuality "1"]

1. d4 Nf6 2. Nf3 e6 3. e3 b6 4. Bd3 Bb7 5. O-O Be7 6. c4 O-O 7. Nc3 d5 8. cxd5 exd5 9. b3 Nbd7 10. Bb2 Rc8 11. Qe2 Ne4 12. Rac1 Nxc3 13. Rxc3 f5 14. Qc2 g6 15. Rc1 c6 16. Qe2 Bb4 17. R3c2 Qe7 18. Ba6 Nb8 19. Bxb7 Qxb7 20. Ne5 Rfe8 21. h4 Bd6 22. h5 Bxe5 23. dxe5 Re6 24. hxg6 hxg6 25. b4 Qh7 26. Qf3 g5 27. g4 Rf8 28. Kg2 f4 29. Rh1 Qxc2 30. Qh3 Kg7 31. exf4 gxf4 32. g5 f3+ 33. Kg3 Qf5 34. Qh4 c5 35. bxc5 bxc5 36. Bc1 Nc6 37. Bf4 Nd4 38. Rb1 Qxf4+ 39. Qxf4 Ne2+ 40. Kxf3 Nxf4 41. Rb7+ Kg6 42. Kg4 Nd3 0-1

[Event "European Women-ch 2023"]
[Site "Petrovac"]
[Date "2023.03.25"]
[Round "7.21"]
[White "Hajiyeva, Laman"]
[Black "Antolak, Julia"]
[Result "1/2-1/2"]
[WhiteElo "2118"]
[BlackElo "2276"]
[Annotator "TA"]
[PlyCount "56"]
[EventDate "2023.03.15"]
[EventType "swiss"]
[EventCountry "MNE"]
[SourceTitle "playchess.com"]
[Source "ChessBase"]
[SourceQuality "1"]

1. e4 e5 2. Nf3 Nc6 3. Bc4 Bc5 4. c3 Nf6 5. d4 exd4 6. e5 d5 7. Bb5 Ne4 8. cxd4 Bb6 9. Nc3 O-O 10. Be3 f5 11. exf6 Nxf6 12. Bxc6 bxc6 13. Ne5 Qd6 14. O-O c5 15. dxc5 Bxc5 16. Bxc5 Qxc5 17. Rc1 Qd6 18. Re1 Ba6 19. b4 Rae8 20. Qd4 Ne4 21. Qxd5+ Qxd5 22. Nxd5 Rxe5 23. Nxc7 Bd3 24. f3 Rxf3 25. Rxe4 Bxe4 26. gxf3 Bxf3 27. Kf2 Bb7 28. Rc5 Re4 1/2-1/2

[Event "European Women-ch 2023"]
[Site "Petrovac"]
[Date "2023.03.25"]
[Round "7.21"]
[White "Goriachkina, Oksana"]
[Black "Silva, Mariana Sofia T."]
[Result "0-1"]
[WhiteElo "1759"]
[BlackElo "1920"]
[Annotator "TA"]
[PlyCount "108"]
[EventDate "2023.03.15"]
[EventType "swiss"]
[EventCountry "MNE"]
[SourceTitle "playchess.com"]
[Source "ChessBase"]
[SourceQuality "1"]

1. d4 Nf6 2. c4 e6 3. Nf3 d5 4. Nc3 a6 5. c5 b6 6. cxb6 c5 7. Qb3 Bd7 8. dxc5 Bxc5 9. Na4 Bxa4 10. Qxa4+ Qd7 11. Qb3 Qd6 12. a4 Qxb6 13. Qxb6 Bxb6 14. b4 O-O 15. e3 Nbd7 16. Ba3 Rfc8 17. Be2 Ne4 18. O-O Ndf6 19. Rfc1 Nc3 20. Bf1 Nfe4 21. Bb2 a5 22. b5 Rc7 23. Ne5 d4 24. Nc6 e5 25. Bxc3 Nxc3 26. exd4 exd4 27. Re1 g6 28. Bd3 Kf8 29. Kf1 Re8 30. Rxe8+ Kxe8 31. Ke1 f6 32. Kd2 Kd7 33. Kc2 Rc8 34. Kb3 Re8 35. Kc4 Rc8 36. h4 Kd6 37. h5 f5 38. Kb3 Re8 39. hxg6 hxg6 40. Rh1 Ne4 41. Rh6 Re6 42. f3 Nc5+ 43. Kc2 Nxa4 44. g4 fxg4 45. fxg4 Nc3 46. Bc4 Nd5 47. Kd2 Kc5 48. Bb3 Bc7 49. Bxd5 Kxd5 50. Rxg6 Rxg6 51. Ne7+ Kc5 52. Nxg6 a4 53. Nf8 Kd6 54. Kc2 a3 0-1

[Event "European Women-ch 2023"]
[Site "Petrovac"]
[Date "2023.03.25"]
[Round "7.22"]
[White "Abdinova, Narmin"]
[Black "Olde, Margareth"]
[Result "0-1"]
[WhiteElo "2090"]
[BlackElo "2234"]
[Annotator "TA"]
[PlyCount "94"]
[EventDate "2023.03.15"]
[EventType "swiss"]
[EventCountry "MNE"]
[SourceTitle "playchess.com"]
[Source "ChessBase"]
[SourceQuality "1"]

1. e4 e5 2. Nf3 Nc6 3. d4 exd4 4. Bc4 Bc5 5. c3 Nf6 6. cxd4 Bb4+ 7. Bd2 Nxe4 8. Bxb4 Nxb4 9. Bxf7+ Kxf7 10. Qb3+ d5 11. Ne5+ Ke6 12. Qxb4 Qf8 13. Qxf8 Rxf8 14. Nc3 c6 15. O-O Kd6 16. Rfe1 Ng5 17. b4 Ne6 18. Rad1 Rf5 19. Nf3 Bd7 20. Ne5 Be8 21. g4 Rf6 22. Re3 a5 23. bxa5 Kc7 24. Nd3 Bd7 25. Na4 Rxa5 26. Nac5 Nxc5 27. Nxc5 b6 28. Nxd7 Kxd7 29. Rd2 Ra4 30. h3 Rf4 31. Red3 Kd6 32. Kg2 Rf8 33. Rb3 b5 34. a3 Rfa8 35. Rdd3 R8a5 36. Kf3 c5 37. dxc5+ Kxc5 38. Ke3 Ra7 39. Kd2 Rf7 40. f3 d4 41. Rb1 Rfa7 42. Rbb3 Kc4 43. Kc2 b4 44. Rxb4+ Rxb4 45. axb4 Ra2+ 46. Kb1 Kxd3 47. Kxa2 Kc2 0-1

[Event "European Women-ch 2023"]
[Site "Petrovac"]
[Date "2023.03.25"]
[Round "7.23"]
[White "Eric, Jovana"]
[Black "Valkova, Angelika"]
[Result "1-0"]
[WhiteElo "2230"]
[BlackElo "2055"]
[Annotator "TA"]
[PlyCount "69"]
[EventDate "2023.03.15"]
[EventType "swiss"]
[EventCountry "MNE"]
[SourceTitle "playchess.com"]
[Source "ChessBase"]
[SourceQuality "1"]

1. e4 e5 2. Nf3 Nf6 3. Nxe5 d6 4. Nf3 Nxe4 5. Nc3 Nxc3 6. dxc3 Be7 7. Be3 Nc6 8. Qd2 Be6 9. O-O-O Qd7 10. Kb1 Bf6 11. h3 h6 12. g4 O-O-O 13. Bg2 Kb8 14. Rhe1 Rhe8 15. b3 g5 16. Nd4 Bxd4 17. cxd4 d5 18. f4 f6 19. Rf1 Qg7 20. Rf3 Rd7 21. Rdf1 Rde7 22. Rg3 Nd8 23. a4 c6 24. Bg1 Bg8 25. fxg5 fxg5 26. Bh2 Ka8 27. Rf2 c5 28. Rc3 Nc6 29. Rxc5 Nxd4 30. Qc3 Nc6 31. Rxc6 Re1+ 32. Kb2 Qd7 33. Rc7 Qd8 34. Qb4 Qb8 35. Re7 1-0

[Event "European Women-ch 2023"]
[Site "Petrovac"]
[Date "2023.03.25"]
[Round "7.24"]
[White "Dylag, Emilia"]
[Black "Mamedjarova, Turkan"]
[Result "0-1"]
[WhiteElo "2052"]
[BlackElo "2229"]
[Annotator "TA"]
[PlyCount "77"]
[EventDate "2023.03.15"]
[EventType "swiss"]
[EventCountry "MNE"]
[SourceTitle "playchess.com"]
[Source "ChessBase"]
[SourceQuality "1"]

1. d4 d5 2. c4 e6 3. Nf3 Nf6 4. g3 c5 5. Bg2 Nc6 6. O-O Be7 7. Nc3 O-O 8. cxd5 exd5 9. Bg5 c4 10. b3 Qa5 11. Bxf6 Bxf6 12. Rc1 Rd8 13. bxc4 dxc4 14. e3 Bf5 15. Nd2 Bd3 16. Nce4 Bxd4 17. Nxc4 Bxc4 18. Rxc4 Bxe3 19. Qb1 Bb6 20. Rcc1 h6 21. Kh1 Nd4 22. Qb2 Rd7 23. a3 Rad8 24. Rfd1 Qh5 25. Rd3 Nc6 26. Rxd7 Rxd7 27. Qc2 Qa5 28. Qb3 Qe5 29. Qc2 Rd8 30. h3 Nd4 31. Qb2 f5 32. Nd2 f4 33. Nc4 Qf6 34. Re1 fxg3 35. fxg3 Bc7 36. Rf1 Qg6 37. g4 Qe6 38. Qc3 Ne2 39. Qc2 0-1

[Event "European Women-ch 2023"]
[Site "Petrovac"]
[Date "2023.03.25"]
[Round "7.24"]
[White "Recica, Jona"]
[Black "Petrovska, Katerina"]
[Result "0-1"]
[WhiteElo "1231"]
[BlackElo "1907"]
[Annotator "TA"]
[PlyCount "86"]
[EventDate "2023.03.15"]
[EventType "swiss"]
[EventCountry "MNE"]
[SourceTitle "playchess.com"]
[Source "ChessBase"]
[SourceQuality "1"]

1. e4 e5 2. Nf3 Nc6 3. Bc4 Bc5 4. c3 Qf6 5. d3 d6 6. Nbd2 Nge7 7. O-O h6 8. b4 Bb6 9. a4 a6 10. Nb3 g5 11. Be3 Ng6 12. b5 axb5 13. Bxb5 O-O 14. d4 Nf4 15. d5 Ne7 16. g3 Nh3+ 17. Kg2 Qg6 18. Ng1 Qxe4+ 19. Qf3 Qxf3+ 20. Nxf3 Nxd5 21. Bd2 Kg7 22. a5 Ba7 23. c4 Nf6 24. Rad1 g4 25. Ng1 Nxg1 26. Kxg1 Be6 27. a6 bxa6 28. Bxa6 Bxf2+ 29. Rxf2 Rxa6 30. Bxh6+ Kxh6 31. Rxf6+ Kg7 32. Rf2 Bxc4 33. Nd2 Be6 34. Rc1 c5 35. Ne4 c4 36. Nd2 Rc8 37. Re2 Ra2 38. Rf2 c3 39. Ne4 Rxf2 40. Kxf2 c2 41. Nxd6 Rc6 42. Nb5 Bf5 43. Na3 Rc3 0-1

[Event "European Women-ch 2023"]
[Site "Petrovac"]
[Date "2023.03.25"]
[Round "7.25"]
[White "Sieber, Fiona"]
[Black "Tsotsonava, Elene"]
[Result "1-0"]
[WhiteElo "2217"]
[BlackElo "2030"]
[Annotator "TA"]
[PlyCount "77"]
[EventDate "2023.03.15"]
[EventType "swiss"]
[EventCountry "MNE"]
[SourceTitle "playchess.com"]
[Source "ChessBase"]
[SourceQuality "1"]

1. e4 c5 2. Nf3 Nc6 3. Nc3 e6 4. d4 cxd4 5. Nxd4 Qc7 6. g3 a6 7. Bg2 d6 8. Nxc6 Qxc6 9. O-O Ne7 10. Be3 b5 11. a4 b4 12. Ne2 Bb7 13. c3 d5 14. cxb4 dxe4 15. Rc1 Qd5 16. Rc7 Rc8 17. Qc2 Rxc7 18. Qxc7 Qd7 19. Rc1 Nc6 20. Qb6 Ne5 21. Bxe4 Bxe4 22. Qb8+ Qd8 23. Rc8 Nf3+ 24. Kg2 Be7 25. Rxd8+ Bxd8 26. Nc3 Nh4+ 27. Kg1 Nf3+ 28. Kh1 Bf5 29. Bb6 Ke7 30. Qb7+ Kf6 31. Bxd8+ Rxd8 32. Qxf3 Rd3 33. Ne4+ Ke5 34. Qf4+ Kd5 35. Nc3+ Kc6 36. g4 Bg6 37. Qc4+ Kb7 38. b5 axb5 39. Qxb5+ 1-0